Library Banner

Applied regression analysis (Record no. 56442)

MARC details
000 -LEADER
fixed length control field 00490nam a2200181Ia 4500
001 - CONTROL NUMBER
control field 59114
008 - FIXED-LENGTH DATA ELEMENTS--GENERAL INFORMATION
fixed length control field 140520s9999 xx 000 0 und d
020 ## - INTERNATIONAL STANDARD BOOK NUMBER
International Standard Book Number 9788131512777
040 ## - CATALOGING SOURCE
Transcribing agency PK-LaUMT
082 ## - DEWEY DECIMAL CLASSIFICATION NUMBER
Classification number 519.536
Item number KLE-A
100 ## - MAIN ENTRY--PERSONAL NAME
Personal name Kleinbaum, David G.
245 ## - TITLE STATEMENT
Title Applied regression analysis
Statement of responsibility, etc Kleinbaum, David G.<>Kupper, Lawrence L.
260 ## - PUBLICATION, DISTRIBUTION, ETC. (IMPRINT)
Place of publication, distribution, etc New Delhi,India:
Name of publisher, distributor, etc Cengage Learning,
Date of publication, distribution, etc 2009
300 ## - PHYSICAL DESCRIPTION
Extent 704 p.
546 ## - LANGUAGE NOTE
Language note EN
700 ## - ADDED ENTRY--PERSONAL NAME
Personal name Kupper, Lawrence L.
942 ## - ADDED ENTRY ELEMENTS (KOHA)
Koha item type Books
Holdings
Withdrawn status Lost status Damaged status Not for loan Home library Current library Date acquired Total Checkouts Full call number Barcode Date last seen Price effective from Koha item type
        UMT Main Campus UMT Main Campus 2014-05-20   519.536 KLE-A 77276 2015-08-04 2014-05-21 Books